Statistics for Countries Containing "L" In Their Name

Click here to take the quiz!

General Stats

  • This quiz has been taken 93 times
    (88 since last reset)
  • The average score is 35 of 49

Answer Stats

Country% Correct
Belgium
90%
Algeria
89%
Finland
89%
Poland
89%
Australia
87%
Netherlands
87%
New Zealand
87%
Colombia
86%
Iceland
83%
Marshall Islands
83%
Switzerland
83%
Ireland
81%
Slovakia
81%
Slovenia
81%
Thailand
81%
El Salvador
80%
Mali
80%
Angola
79%
Belarus
79%
Bolivia
79%
Bulgaria
77%
Chile
77%
Italy
77%
Malaysia
77%
Solomon Islands
77%
Dominican Republic
76%
Albania
73%
Maldives
71%
Bangladesh
70%
Belize
70%
Malawi
69%
Mongolia
69%
Malta
67%
Central African Republic
66%
Philippines
66%
Saint Lucia
66%
Somalia
66%
Sri Lanka
66%
Guatemala
64%
Moldova
64%
Palau
64%
Tuvalu
64%
Sierra Leone
63%
Republic of the Congo
61%
Equatorial Guinea
56%
Czech Republic
54%
Venezuela
54%
Seychelles
51%
Dem. Republic of the Congo
0%

Score Distribution

Percentile by Number Answered

Percent of People with Each Score

Your Score History

You have not taken this quiz since the last reset